[Event "EU-chT (Men) 14th"]
[Site "Plovdiv"]
[Date "2003.10.19"]
[Round "8.2"]
[White "Jobava, Baadur"]
[Black "Grischuk, Alexander"]
[Result "0-1"]
[WhiteElo "2605"]
[BlackElo "2732"]
[Annotator "Lukacs,P"]
[PlyCount "84"]
[EventDate "2003.10.10"]
[EventType "team-swiss"]
[EventRounds "9"]
[EventCountry "BUL"]
[SourceTitle "CBM 098"]
[Source "ChessBase"]
[SourceDate "2004.02.03"]
[SourceVersion "1"]
[SourceVersionDate "2004.02.03"]
[SourceQuality "1"]
[WhiteTeam "Georgia"]
[BlackTeam "Russia"]
[WhiteTeamCountry "GEO"]
[BlackTeamCountry "RUS"]

1. e4 e5 2. Nf3 Nc6 3. Bc4 Bc5 4. b4 Bxb4 5. c3 Bd6 $6 {This is the so called
"Stoneware Defence". Black temporarily blocks the d P, but he can quickly
castle followed by Re8 and Bf8.} 6. d4 Nf6 $142 (6... Qe7 {is a bit too much
from odd moves.} 7. O-O Nf6 8. Nbd2 $142 {/\ Bd3, Nc4 is the quiet positional
approach attacking the vulnerable >< e5.} (8. Ng5 {is a premature ->.} O-O 9.
f4 exf4 10. e5 Nxe5 $1 (10... Bxe5 11. dxe5 (11. Re1 Nxd4 $1 $132) 11... Qc5+ (
11... Qxe5 12. Bxf7+ Rxf7 13. Nxf7 Kxf7 14. Bxf4 Qc5+ 15. Kh1 $40) 12. Kh1 Nxe5
13. Be2 $44 (13. Bb3 Neg4 $1)) 11. dxe5 Bxe5 $44 {and Black has a lot of pawns
for the piece.}) 8... O-O 9. Bd3 Ne8 (9... b6 10. Re1) 10. Nc4 f6 11. Ne3 g6
12. Nd5 Qd8 13. Be3 Be7 14. Nd2 d6 15. f4 {White has a phantastic advantage in
the [+], now comes the >> ->.} Ng7 16. f5 g5 17. h4 $1 $16 {Kennedy-Pillsbury,
USA 1895}) (6... Qf6 {looks again unnatural.} 7. O-O h6 8. Na3 $1 {with
threats of Nb5, Nc4 and Nc2.} a6 (8... Bxa3 9. Bxa3 {^^} d6 10. dxe5 dxe5 (
10... Nxe5 11. Nxe5 dxe5 (11... Qxe5 12. Qb3) 12. Rb1 Ne7 13. f4 exf4 14. e5
$36 {opening the position against the K in the middle.}) 11. Qb3 Nge7 12. Bd5
Rb8 13. Rad1 $16) 9. Nc2 $14 {/\ Ne3}) 7. O-O (7. dxe5 {is again premature.}
Bxe5 (7... Nxe5 $2 8. Nxe5 Bxe5 9. f4 Nxe4 10. Qh5 $18) 8. O-O (8. Ng5 d5 $1 (
8... O-O $6 9. f4 h6 $6 10. Nxf7 Rxf7 11. Bxf7+ Kxf7 12. fxe5 Nxe5 13. O-O d6
14. Bf4 $16 {Annageldiev-Najjar, Beirutt LIB-ch 2000}) 9. exd5 Na5 10. Qa4+ c6
11. dxc6 O-O {and suddenly Black is better developed.} 12. Ba3 $2 Nxc4 13. Qxc4
(13. Bxf8 Qd3 $1) 13... b5 $1 14. Qb3 (14. Qxb5 Rb8) 14... b4 $1 15. Bxb4 Rb8
16. Qc4 Rxb4 $1 17. Qxb4 Qd3 {0-1 Fioroto-Krantz, corr 1988}) 8... O-O 9. Bd5
Re8 $15) (7. Bg5 $5) (7. Ng5 O-O 8. f4 $1 (8. O-O $6 {- 7.0-0}) (8. Nxf7 $6
Rxf7 9. Bxf7+ Kxf7 10. f4 exd4 11. e5 Be7 12. exf6 Bxf6 13. O-O d5 14. Nd2 dxc3
15. Nf3 Kg8 16. Rb1 b6 17. Be3 Bg4 18. Qa4 Bxf3 19. Rxf3 Qd6 20. Rd1 Rd8 21.
Rh3 d4 22. Bc1 Qe6 23. Qc2 d3 $1 $19 {Bird-Pillsbury, Hastings 1985}) 8... exf4
$1 (8... exd4 9. e5 Bxe5 10. Nxf7 Rxf7 11. Bxf7+ Kxf7 12. fxe5 Nxe5 13. cxd4
Nc4 14. O-O $14) 9. e5 Nxe5 $5 (9... Bxe5 10. dxe5 Nxe5 11. Bb3 h6 12. Nh3 {
(Anderssen-Kieseritsky, London 1851)} f3 $5 13. gxf3 Re8 14. O-O d5 15. Nf2 Qd6
) 10. dxe5 Bxe5 11. O-O (11. Nf3 d6 12. O-O c6 $13) 11... d5 12. Bd3 h6 $44 {
and Black has again a lot of pawns and a good position for the sacrificed
piece.}) 7... O-O (7... Qe7 {- 6...Qe7}) 8. Re1 (8. Ng5 $6 {forgets about the
importance of the development.} Be7 (8... Qe7 {- 6...Qe7}) (8... h6 $2 {
runs into} 9. Nxf7 $1 Rxf7 10. f4 $1) 9. f4 d6 10. Nd2 {White cannot continue
the -> against >< f7.} (10. Qd3 {(Quintero Velez-Valencia Obando, Medellin)}
exd4 $1 11. cxd4 d5 $17) (10. Qb3 Qe8 $15) 10... exd4 11. cxd4 d5 12. exd5 {
(Seidman-Mengarini, USA-ch 1951)} Nxd5 $17 (12... Na5 $15) 13. Nxf7 $140 $2
Rxf7 14. Qh5 Be6 15. f5 Nf6 $19) (8. Nbd2 {is another logical continuation.} b6
(8... Qe7 {- 6...Qe7}) (8... h6) 9. Bd3 (9. Re1 Bb7) 9... Re8 10. Re1 Bb7 $5 {
Bosch} (10... exd4 11. cxd4 Bf4 12. Qb3 $44 (12. Nf1 Bxc1 13. Rxc1 Bb7 14. e5
$40 {Johnson-Montecatini, corr 1996})) 11. Nc4 exd4 12. e5 (12. cxd4 Bb4 $1) (
12. Nxd6 cxd6 13. cxd4 Nb4) 12... Nxe5 13. Nfxe5 Bxe5 14. Nxe5 d6 $13) 8... h6
(8... Re8 $2 9. Ng5 Rf8 10. f4 $1 $16) 9. Nh4 $2 {This is refuted by energetic
play by Grischuk.} (9. Bd5 $5 Nxd5 10. exd5 Ne7 11. dxe5 Bc5 12. d6 Ng6 $13) (
9. Nbd2 $142 {was required again, development first especially in gambit
positions.} Re8 (9... b6 10. Bb5 $1 $44 (10. Bd5 exd4 $5 11. Bxc6 dxc6 12. e5
dxc3 13. Nf1 Be7 14. exf6 Bxf6 $13)) (9... exd4 10. cxd4 $1 (10. e5 {is
winning a piece again, but Black gets too many pawns.} Nxe5 (10... dxc3 11.
exd6 cxd2 12. Qxd2 cxd6 13. Qxd6 Ne8 14. Qg3 d5 15. Bd3 $44 {
Steinitz-Pillsbury, Boston 1892}) 11. Nxe5 Bxe5 12. Rxe5 d5 $13) 10... Bb4 11.
Qb3 $1 $44 {Other tries are less impressive:} (11. e5 d5 $1 $132) (11. d5 Bc3
12. Ba3 Na5 13. Bd3 Bxa1 14. Bxf8 Qxf8 15. Qxa1 Qa3 16. Qb1 d6 $13)) 10. Bd3 {
Now White has a big threat of Nc4 and the defence of >< e5 becomes a problem.}
(10. Bb3 b6 {Bosch} (10... Bf8 11. Nxe5 Nxe5 12. dxe5 Rxe5 13. Nf3 Re7 14. e5
$36 {Sveshnikov-Zheliandinov, Bled 2000}) 11. Nc4 Bb7) 10... exd4 (10... Bf8
11. Nxe5 Nxe5 12. dxe5 Rxe5 13. f4 Re8 14. e5 Nd5 15. Qf3 {(Markosian-Mukhaev,
Moscow op 1995)} Nxc3 16. Bc2 $44) (10... b6 11. Nc4 Bb7 12. d5 Nb8 13. Nxd6
cxd6 14. Ba3 $44) 11. cxd4 Bf8 (11... Bf4 $5 12. e5 Nd5 13. Ne4 Bxc1 14. Rxc1
$44) (11... Bb4 12. e5 Nd5 13. Bb2 $44) 12. d5 $1 (12. e5 {is not so
impressive:} Nd5 13. Bc4 (13. Qb3 Ndb4 14. Bc4 d5 $1 15. exd6 Rxe1+ 16. Nxe1
Qxd6 17. Bxf7+ Kh8 $15) 13... Nb6 14. Bb3 (14. Bxf7+ Kxf7 15. Qb3+ d5 16. exd6+
Be6 17. Rxe6 Rxe6 18. d5 Qxd6 $17) 14... d6 $17 {Sermek-Mikhalchishin, Bled
2002}) 12... Nb4 (12... Ne5 $5 13. Nxe5 Rxe5 14. Bb2 Re8) 13. Bf1 c6 14. a3 Na6
15. Bxa6 bxa6 16. Bb2 $36 {Mikhalchishin}) 9... exd4 10. Nf5 (10. cxd4 {
is strongly met by} Bb4 $1 11. Bd2 Nxe4 $1 12. Rxe4 (12. Bxb4 Nxb4 13. Rxe4 d5
$19) 12... d5 $17) 10... Bc5 11. cxd4 {[#]} d5 $1 {This counterblow changes
the course of the game completely, White loses material without any
compensation.} 12. exd5 (12. Bxd5 Bxf5 13. dxc5 Bxe4 $17) (12. dxc5 dxc4 13.
Qxd8 Rxd8 14. Bb2 Bxf5 15. exf5 (15. Bxf6 gxf6 16. exf5 Rd3 $19) 15... Ne4 $19)
12... Bxf5 13. dxc5 Na5 14. Bb3 (14. Bf1 {was probably the lesser evil.} Qxd5
$15) 14... Nxb3 15. Qxb3 Qxd5 $17 {White's hope for a ^- _|_ are not real.} 16.
Nc3 Rfe8 $1 17. Be3 Qc6 18. Qb5 (18. Bd4 Rxe1+ 19. Rxe1 Re8 $17) 18... Qxb5 19.
Nxb5 Nd5 20. Bd2 Red8 21. Rac1 Bg6 22. a3 c6 23. Nd6 b6 $1 {blowing up
immediately the stronghold on d6.} 24. Nc4 f6 25. f3 Bd3 26. Nb2 (26. Ne3 Nf4)
26... Bg6 27. Nc4 (27. cxb6 axb6 28. Rxc6 Rxa3) 27... Rac8 $2 {This tactical
inaccuracy allows White to create real counterchances.} (27... Rab8 $17 {
was safe and good.}) 28. Red1 $2 ({missing the last chance} 28. cxb6 $1 axb6
29. Nxb6 $1 Nxb6 30. Ba5 Nd5 (30... Rd3 31. Bxb6 Rxa3 $15) 31. Bxd8 Rxd8 32.
Rxc6 Ra8 $15) 28... Rd7 29. Be3 Rcd8 30. cxb6 axb6 31. Bf2 b5 $19 {Now the _|_
is hopeless again.} 32. Na5 Nf4 33. Rxd7 Rxd7 34. Ra1 Rd6 35. Be3 Nd3 36. a4
Re6 37. Bd2 Re2 38. Ra2 Bf7 39. Rc2 b4 40. Kf1 Rf2+ 41. Kg1 b3 42. Rb2 Nxb2 0-1

[Event "Cap d'Agde-B"]
[Site "Cap d'Agde"]
[Date "2003.10.24"]
[Round "2"]
[White "Grischuk, Alexander"]
[Black "Lautier, Joel"]
[Result "1-0"]
[WhiteElo "2732"]
[BlackElo "2666"]
[Annotator "Huzman,A"]
[PlyCount "71"]
[EventDate "2003.10.24"]
[EventType "tourn (rapid)"]
[EventRounds "7"]
[EventCountry "FRA"]
[EventCategory "19"]
[SourceTitle "CBM 098"]
[Source "ChessBase"]
[SourceDate "2004.02.03"]
[SourceVersion "1"]
[SourceVersionDate "2004.02.03"]
[SourceQuality "1"]

1. e4 e5 2. Nf3 Nf6 3. Nxe5 d6 4. Nf3 Nxe4 5. d4 d5 6. Bd3 Bd6 7. O-O O-O 8.
Re1 (8. c4 c6 9. Qc2 Re8 10. Nc3 Bf5 11. Re1 Bb4 12. Bg5 Qa5 13. Nxe4 dxe4 14.
Bxe4 Bxe1 15. Bxf5 g6 16. Be4 Bb4 17. c5 Nd7 18. a3 Bxc5 19. dxc5 Qxc5 20. Rd1
$16 {1-0 Grischuk,A-Rozentalis,E/Istanbul TUR 2003/(38)}) 8... Bf5 9. c4 c6 10.
cxd5 cxd5 11. Nc3 Bb4 (11... Nxc3 $142 12. bxc3 Bxd3 13. Qxd3 Re8 $5 14. Bg5
$140 (14. Rxe8+ Qxe8 15. Rb1 b6 16. Rb5 Qe6 $11) 14... Rxe1+ 15. Rxe1 Qd7 $11 {
[%cal Yb8c6]}) 12. Nxe4 $1 {[%mdl 512] A similar idea did well for Grischuk
against Rozentalis (see above)} (12. Re3 Nxc3 13. bxc3 Bxc3 14. Rb1 Bxd3 15.
Qxd3 Ba5 16. Rxb7 Bb6 17. Ree7 Nc6 18. Ng5 g6 19. Qh3 h5 20. Rxf7 Rxf7 21. Qe6
Qf6 22. Qxf7+ Qxf7 23. Rxf7 Nxd4 24. Ba3 Ne6 25. Rf6 Ng7 26. Rxg6 Re8 27. g3 d4
28. Bb2 Re2 {1/2-1/2 Sabo Benke,D-Castro,J/Hyeres 2002/EXT 2003 (28)}) 12...
Bxe1 $6 ({It would be interesting to see White's reaction to} 12... Bxe4 13.
Bxe4 (13. Rxe4 $5 dxe4 14. Bxe4 Qe7 (14... Nc6 15. d5 $36) 15. Ne5 Bd6 16. Qh5
(16. Qf3 $5 Bxe5 17. Bxb7 Bxd4 18. Bf4 Nc6 19. Bxa8 Rxa8 20. Qxc6 Re8 $11)
16... g6 17. Bg5 (17. Qf3 Nc6 18. Nxc6 bxc6 19. g3 Rab8 20. Bxc6 Rb4 $132)
17... Qe6 18. Qf3 $36) (13. Re3 Bxd3 14. Qxd3 Nc6 $11) 13... Bxe1 14. Bxh7+ (
14. Bc2 Bb4 15. Qd3 (15. Ng5 g6 16. Nxh7 Re8 17. Bg5 Be7 18. Qg4 Nc6 19. Qh4
Bxg5 20. Nxg5 Qf6 $17) 15... g6 16. Bh6 Re8 17. Qb5 Nc6 18. Bb3 $44) 14... Kxh7
15. Ng5+ Kg6 16. Qd3+ f5 (16... Kf6 17. Nh7+ Ke6 18. Qh3+ f5 19. Bg5 $1 $18)
17. Ne6 (17. Qg3 Qe7 18. Nf3+ Kh7 19. Bg5 Bxf2+ 20. Qxf2 Qf7 $13) 17... Qf6 18.
Nxf8+ Qxf8 $17) 13. Neg5 {This obvious move allows White to gain 2 light
pieces for a R and a P. The Q are still on, and that might seem to favour
White as well- yet, the situation is not that one-sided} Bxf2+ 14. Kxf2 Qf6 15.
Qc2 (15. Bf4 Nc6 16. Be5 Qg6 17. Bxf5 Qxf5 18. Qb3 h6 19. Nh3 g5 $132) (15. Kg1
Nc6 16. Be3 h6 17. Bxf5 Qxf5 18. Nh3 Rfe8 $132) 15... Rc8 16. Qb1 Bg6 $1 17.
Bxg6 fxg6 {Black's hopes to draw are based on the open "c" file, the "g5" N's
awkward position and an eventual possibility to swap Qs} (17... hxg6 18. Qd3
Nc6 19. Bd2 Qf5 $14) 18. Kg1 Nc6 (18... h6 $5 19. Nh3 Nc6 20. Qd3 (20. Be3 g5
21. Nf2 Qe6 $132) 20... Qf5 21. Qxf5 gxf5 22. Nf4 Rd8 23. h4 $14) 19. Qd3 h6
20. Nh3 Nb4 21. Qb3 Rc4 22. Be3 {Now White is fully developed, and his control
over the "e5" stronghold promises some bright attacking opportunities. That's
why Black hurries towards an endgame} Nc2 23. Rf1 Qb6 $1 {[%mdl 256]} 24. Nf4
$1 {[%csl Rd5]} Qxb3 25. axb3 Nxe3 $4 {[%mdl 8192] A blunder in an equal
position} (25... Rb4 $1 26. Nxd5 (26. Bd2 Rxb3 27. Bc3 Ne3 28. Re1 g5 29. Nd3
Nc4 30. Nfe5 Nxe5 31. Rxe5 $11) (26. Bf2 Rxb3) 26... Rxb3 27. Bc1 Rd8 28. Rf2 (
28. Ne7+ Kh7 29. d5 Rd7 30. Nxg6 Rxf3 $15) 28... Nxd4 $1 29. Nxd4 Rd3 30. Ne7+
Kh7 31. Ne2 (31. Ne6 Rd1+ 32. Rf1 Rxf1+ 33. Kxf1 Rd1+ 34. Ke2 Rxc1 $17) 31...
R3d7 $15) 26. bxc4 Nxf1 27. Nxd5 $18 Nxh2 28. Kxh2 g5 29. Kg3 Rf8 (29... a5
$142 30. Ne5 a4 31. Nc7 a3 32. bxa3 Rxa3+ 33. Kg4 Re3 $132 {/+/-}) 30. c5 Kf7 (
30... Re8 31. Ne5 Rd8 32. Ne7+ Kf8 33. Nf5 $18) 31. Ne5+ Ke6 32. Nc7+ Kf5 33.
Nc4 $1 Ke4 34. Nd6+ Ke3 35. Ne6 Rf1 36. Nxb7 1-0

[Event "Cap d'Agde-B"]
[Site "Cap d'Agde"]
[Date "2003.10.25"]
[Round "3"]
[White "Shirov, Alexei"]
[Black "Grischuk, Alexander"]
[Result "1/2-1/2"]
[WhiteElo "2737"]
[BlackElo "2732"]
[Annotator "Rogozenco,D"]
[PlyCount "93"]
[EventDate "2003.10.24"]
[EventType "tourn (rapid)"]
[EventRounds "7"]
[EventCountry "FRA"]
[EventCategory "19"]
[SourceTitle "CBM 098"]
[Source "ChessBase"]
[SourceDate "2004.02.03"]
[SourceVersion "1"]
[SourceVersionDate "2004.02.03"]
[SourceQuality "1"]

1. e4 c5 2. Nf3 Nc6 3. d4 cxd4 4. Nxd4 Nf6 5. Nc3 e5 6. Ndb5 d6 7. Bg5 a6 8.
Na3 b5 9. Bxf6 gxf6 10. Nd5 f5 11. Bd3 Be6 12. O-O Bxd5 13. exd5 Ne7 14. Qh5 e4
15. Be2 Bg7 16. c3 O-O 17. Nc2 Rc8 $5 {Eljanov's novelty looks very promising.}
(17... f4 18. f3 (18. Qg5 {is another challenging continuation.} f5 $1 $13 {/=}
) 18... f5 19. fxe4 fxe4 20. Bg4 Qc7 (20... Kh8 21. Rae1 Be5 22. Rxe4 Nxd5 23.
Re2 $2 f3 $1 24. Rxe5 Qb6+ 25. Rf2 Nf6 26. Bxf3 Nxh5 27. Rxh5 Rae8 $17 {
1/2-1/2 Sadvakasov,D-Babula,V/Bled 2002 (60)}) 21. Rae1 {and the draw was
agreed in the recent game Grischuk,A-Illescas Cordoba,M/Plovdiv 2003. That's a
pity, cause the game was just about to start.}) 18. Rad1 ({In the first game
with 17...Rc8 Black got an excellent play after} 18. Ne3 f4 19. Nf5 Ng6 20. f3
e3 21. g3 b4 22. Bxa6 Ra8 23. Nxg7 Kxg7 24. Bd3 bxc3 25. bxc3 Qf6 $44 {0-1
Sadvakasov,D-Eljanov,P/Kharkov 2003 (36)}) 18... Rc5 (18... Qd7 19. Kh1 a5 20.
a3 Rc5 21. f3 Nxd5 22. fxe4 Nf6 23. Qh3 fxe4 24. Qxd7 Nxd7 25. Rxd6 Ne5 26. Ne3
Rb8 27. g4 b4 $11 {1/2-1/2 Sadvakasov,D-Moiseenko,A/Kharkov 2003 (35)}) 19. Ne3
f4 (19... Qd7 $5) 20. Nf5 Ng6 (20... Nxf5 $2 21. Qxf5 $16) 21. Rfe1 Re8 22. f3
e3 23. Bd3 Re5 24. Be4 {Although the position is close to equal, White has
slightly better chances. Everything in White's camp is well protected and he
keeps the possibility to attack opponent's central pawn chain with the help of
g2-g3. Black's counterplay with b5-b4 is less effective, that's why Grischuk
starts to fight against White's light-squares dominance.} Ne7 (24... Qf6 25. g3
$14) 25. Qg5 Qf8 26. Qxf4 (26. Nxe7+ Qxe7 27. Qxf4 e2 $5 28. Rd3 $1 (28. Rd2 f5
$1 29. Bxf5 $140 $2 Rc4 $19 30. Rd4 (30. Be4 Qa7+ 31. Kh1 Qf2 32. Rdxe2 Rcxe4
$3 {[#]}) 30... Rxf5 31. Qxf5 Bxd4+ 32. cxd4 Qe3+ 33. Kh1 Rc1 34. Qg4+ Kh8 35.
Qh4 Rxe1+ 36. Qxe1 Qd3 37. Kg1 Qxd4+ 38. Kh1 Qd1 $19) 28... f5 29. Bxf5 Rcxd5
30. Rxd5 Rxd5 {and in spite of White's extra pawn, draw is the most likely
outcome.}) 26... Nxf5 27. Bxf5 Rc4 $2 (27... Bh6 $142 28. Qg4+ Qg7 29. g3 {
[%cal Gf3f4]} (29. Qxg7+ Kxg7 $11 {[%csl Rd5]}) 29... Rcxd5 30. Rxd5 Qxg4 31.
Bxg4 Rxd5 32. f4 Rd2 $11) 28. Rd4 {Now Black faces a difficult choice. In the
game he went for a position with opposite-coloured bishops and two pawns down.
This proved to be the correct practical decision, since the alternatives
provided White with easier play.} (28. Be4 $2 f5) 28... Qe8 (28... Qe7 $2 29.
Rxc4 bxc4 30. Qxc4 Rxf5 $2 31. Qc8+ $18) (28... Bh6 29. Qg4+ Qg7 30. Rxc4 bxc4
31. Qxc4 Rxf5 $2 32. Qc8+ $18) (28... Rxf5 {was the only real alternative} 29.
Qxf5 Bxd4 30. cxd4 Qg7 ({worse is} 30... Rxd4 31. Rxe3 $16 {/+-}) 31. b3 $16)
29. Be4 Qe7 30. Rxc4 (30. g4 Qh4 31. Qxe3 Rc8 $5) 30... bxc4 31. g4 {White
protects against f5 and secures the win of the second pawn. Weaknesses created
by this advance will give Black some hopes for compensation, which, however,
cannot be enough.} Qh4 32. Qxe3 $16 Bh6 33. Qf2 Qf6 34. Kh1 Bf4 35. Rg1 Kg7 36.
Rg2 h6 37. Kg1 Re8 38. Kf1 a5 39. Qe2 Qh4 40. Qf2 {With little time in a rapid
game is difficult to decide whether to trade pawn h2, which protects the king,
for pawn c4, but that was the correct way to make progress. At some point
White must allow opponent activity (in order to carry on White's own play),
which however shouldn't be enough to create real threats.} (40. Qxc4 Bxh2 41.
Qb5 $5 {White can even try to go for the next pawn.} (41. b4 $16) 41... Bg3 $5
{and now White has a wide choice:} (41... Re7 {is hopeless:} 42. Qxa5 Bg3 43.
Qb6 Qh1+ 44. Qg1 $18) 42. Qb6 $16 (42. Rxg3 Rxe4 43. fxe4 Qxg3 44. Qe2) (42.
Qxe8 Qh1+ 43. Rg1 Qh3+ 44. Ke2 Qh2+ 45. Kd3 Qxg1 46. Kc4 Qc5+ 47. Kb3)) 40...
Qf6 41. h4 Qe5 42. Qe2 Qe7 43. Qf2 (43. Qxc4 $16 {/+-}) 43... Qe5 44. Kg1 Rb8
45. Qe1 Re8 46. Kh1 $2 {Shirov obviously was in severe time-trouble.} Qxd5 47.
Bxd5 1/2-1/2

[Event "Cap d'Agde-B"]
[Site "Cap d'Agde"]
[Date "2003.10.25"]
[Round "5"]
[White "Leko, Peter"]
[Black "Grischuk, Alexander"]
[Result "0-1"]
[WhiteElo "2722"]
[BlackElo "2732"]
[Annotator "Atlas,V"]
[PlyCount "72"]
[EventDate "2003.10.24"]
[EventType "tourn (rapid)"]
[EventRounds "7"]
[EventCountry "FRA"]
[EventCategory "19"]
[SourceTitle "CBM 098"]
[Source "ChessBase"]
[SourceDate "2004.02.03"]
[SourceVersion "1"]
[SourceVersionDate "2004.02.03"]
[SourceQuality "1"]

1. e4 e5 2. Nf3 Nc6 3. Bb5 a6 4. Ba4 Nf6 5. O-O Be7 6. Re1 b5 7. Bb3 O-O 8. h3
Bb7 9. d3 d6 10. a3 Na5 11. Ba2 c5 12. Nc3 Nc6 13. Nh2 Nd4 14. Ng4 Nxg4 15.
hxg4 Bg5 16. Nd5 Bc8 17. c3 Nc6 18. g3 Bxc1 19. Rxc1 Be6 20. Kg2 Ne7 21. d4 Rc8
22. dxe5 dxe5 23. c4 Rb8 24. cxb5 Rxb5 25. Rc2 Bxd5 26. exd5 Qd6 27. Bc4 Rb6
28. Qe2 Ng6 29. g5 f6 30. gxf6 gxf6 31. Rec1 f5 32. Ba2 (32. Rd2 f4 33. Rc3 {
deserved serious attention here. verdiente hier ernste Aufmerksamkeit.}) 32...
f4 33. Qg4 Kh8 34. b4 c4 35. Rxc4 Qxd5+ 36. Qf3 $4 ({A terrible blunder.
Essential was Ein schrecklicher Einsteller. Erforderlich war} 36. Kg1) {
[%tqu "En","How can Black use White's last careless move?","White's defensive
construction is very fragile. Try to open the g-file for your rooks.",
"Sacrifice your knight!","g6h4","This simple and elegant knight move wins on
the spot.",5,"De","Wie kann Schwarz den letzten unvorsichtigen weißen Zug
ausnutzen?","Die weiße Verteidigungskonstruktion ist sehr anfällig. Versuchen
Sie, die g-Linie für Ihre Türme zu öffnen.","Opfern Sie Ihren Springer!",
"g6h4","Dieser einfache und elegante Springerzug gewinnt auf der Stelle.",5]}
36... Nh4+ $1 {[%csl Gb6,Gd5,Rf3,Gf8,Rg2,Rg3,Gh4][%cal Gd5g2] This simple and
nice knight move breaks White's fragile defensive construction. Dieser ebenso
einfache wie hübsche Springerzug durchschlägt die zerbrechliche weiße
Verteidigungskonstruktion.} ({White resigned, since after Weiß gab auf, denn
nach} 36... Nh4+ 37. gxh4 Rg8+ {he loses the queen. verliert er die Dame.}) 0-1

[Event "Cap d'Agde KO"]
[Site "Cap d'Agde"]
[Date "2003.10.29"]
[Round "2.2"]
[White "Kramnik, Vladimir"]
[Black "Grischuk, Alexander"]
[Result "1-0"]
[WhiteElo "2777"]
[BlackElo "2732"]
[Annotator "Postny,E"]
[PlyCount "79"]
[EventDate "2003.10.27"]
[EventType "k.o. (rapid)"]
[EventRounds "4"]
[EventCountry "FRA"]
[SourceTitle "CBM 098"]
[Source "ChessBase"]
[SourceDate "2004.02.03"]
[SourceVersion "1"]
[SourceVersionDate "2004.02.03"]
[SourceQuality "1"]

1. d4 Nf6 2. c4 e6 3. Nc3 Bb4 4. Qc2 c5 5. dxc5 O-O 6. Nf3 Na6 7. Bd2 Nxc5 8.
a3 Bxc3 9. Bxc3 h6 $5 $146 {[%csl Yg5][%cal Yh6g5] Black is covering the g5
square, but in some cases it may become just a loss of tempo.} (9... b6 $6 10.
Ng5 $1 $36 {- see the classic game Reshevsky,S-Euwe,M/Amsterdam 1950 [Ftacnik]}
) (9... d6 10. e3 Bd7 11. b3 Nfe4 12. Be2 e5 13. O-O Bf5 $11 {1-0 Feletar,
D-Palac,M/Pula 2000/CBM 75 (40)}) (9... Nce4 10. Bxf6 (10. Bd4 b6 11. e3 Bb7
12. Be2 Qe7 13. O-O Rfd8 14. Rac1 d6 15. b3 $14 {1/2-1/2 Baburin,A-Leroy,A/
Gifhorn 1992/EXT 2001 (59)}) 10... Nxf6 11. e4 d6 12. Bd3 e5 13. O-O Bg4 14.
Nd2 (14. Ne1 Qc7 15. b3 Rac8 16. f3 Be6 17. Rf2 Nd7 $11 {1-0 Jacimovic,
D-Pinter,J/Elista 1998/CBM 66 ext (54)}) 14... Nd7 15. f3 Be6 16. Kh1 a5 $11 {
0-1 Jacimovic,D-Crisan,A/Tekija 2001/EXT 2002 (48)}) 10. e3 a5 {This move is
typical, but does not prevent from white to play b2-b4.} ({More solid is} 10...
b6 {[%cal Gc8b7]}) 11. b4 Nce4 12. Bd3 (12. Bb2 $6 axb4 13. axb4 Rxa1+ 14. Bxa1
Qe7 $132) 12... Nxc3 13. Qxc3 b6 14. O-O Bb7 (14... d5 15. c5 $14) 15. Be2 Ne4
16. Qd4 d6 17. Nd2 Ng5 $2 {Grischuk needed only a win in order to stay in the
tournament, therefore he avoids the exchange. However, after this move, white
is getting strong pressure.} ({After} 17... Nxd2 18. Qxd2 Qg5 19. f3 d5 {
black can equalize, but no more.}) 18. f4 Nh7 (18... e5 19. Qd3 $16) 19. Rfb1 {
Forcing black to make a concession on the queenside.} a4 20. Rd1 Qc7 21. Nb1 $1
{Transfering the knight to an active outpost.} Rfd8 22. Nc3 $16 Bc6 23. e4 Nf6
$6 ({The last practical chance was} 23... e5) 24. Qe3 Bb7 (24... Qb7 25. Bf3
$16) 25. Rac1 Rd7 $6 ({Probably more stubborn was} 25... Ne8 {, but of course,
black's position is very unattractive.}) 26. e5 $1 $18 {Typical strike in the
centre, which yields white the decisive advantage.} dxe5 27. fxe5 Ne8 28. Nb5 (
28. Rxd7 Qxd7 29. Qxb6 Qd2 30. Rd1 Qxc3 31. Qxb7 Qe3+ 32. Kf1 $18) 28... Qc6
29. Bf3 Rxd1+ 30. Rxd1 Qc8 31. Nd6 {The decisive invasion.} Nxd6 32. exd6 Bxf3
33. Qxf3 Ra7 34. c5 $1 bxc5 35. Qe3 Rd7 36. Qxc5 {White could get nice
connected passed pawns, but the move in the text is even more convincing.} Qb7
37. b5 Kf8 38. Rc1 Rd8 39. Qc7 Qb8 40. b6 1-0